Philadelphia 76ers players sudden death - Statistics

General Stats
  • This quiz has been taken 31 times
  • The average score is 8 of 15
Answers on the Grid
Answers color-coded by a green-red scale on the quiz's grid according to % correct below.
Allen Iverson
Andre Drummond
Andre Iguodala
Andrei Kirilenko
Andrew Bynum
Ben Simmons
Bill Russell
Charles Barkley
Dikembe Mutombo
Dolph Schayes
Domantas Sabonis
Dwight Howard
Giannis Antetokounmpo
James Harden
Jimmy Butler
Joel Embiid
Josh Smith
Jrue Holiday
Julius Erving
Kareem Abdul-Jabbar
Klay Thompson
Larry Bird
Lebron James
Mikal Bridges
MIles Bridges
Moses Malone
Steph Curry
Tyrese Haliburton
Tyrese Maxey
Wilt Chamberlain
 
Answer Stats
Answer % Correct
Joel Embiid
68%
Tyrese Maxey
68%
Allen Iverson
63%
Andre Iguodala
63%
Ben Simmons
58%
Charles Barkley
58%
James Harden
58%
Jimmy Butler
58%
Moses Malone
58%
Wilt Chamberlain
58%
Julius Erving
53%
Dikembe Mutombo
47%
Dolph Schayes
47%
Jrue Holiday
47%
Andre Drummond
42%
No matching quizzes found
Score Distribution
Percent of People with Each Score
Percentile by Number Answered
Your Score History
You have not taken this quiz